| 000 | 00759nam a2200253 a 4500 | ||
|---|---|---|---|
| 001 | 55587 | ||
| 003 | BD-RjUL | ||
| 005 | 20211209080303.0 | ||
| 008 | 161120s1947 enk||||| |||| 00| 0 eng d | ||
| 035 | _a(BD-RjUL)55710 | ||
| 040 |
_aBD-RjUL _beng _cBD-RjUL |
||
| 041 | _aeng | ||
| 082 |
_223 _a823.912 _bCOT 1947 |
||
| 100 | 1 |
_aConrad, Joseph _9162805 |
|
| 245 | 1 | 0 |
_a'Twixt land and sea : _bthree tales / _cJoseph Conrad |
| 250 | _aPresent Collected ed. | ||
| 260 |
_aLondon : _bDent, _c1947 |
||
| 300 |
_aviii, 244 p. ; _c19 cm |
||
| 504 | _aIncludes Bibliographical References | ||
| 650 |
_aMauritius _xShip captains _9165591 |
||
| 650 |
_aTriangles (Interpersonal relations) _9165350 |
||
| 650 |
_aFathers and daughters _9165592 |
||
| 942 |
_2ddc _cBK |
||
| 999 |
_c55587 _d55587 |
||